LEADER 03632nam 22005292 450 001 996210337503316 005 20151109030847.0 010 $a1-107-48530-4 010 $a1-139-02815-4 035 $a(CKB)2670000000147294 035 $a(SSID)ssj0000660642 035 $a(PQKBManifestationID)11409494 035 $a(PQKBTitleCode)TC0000660642 035 $a(PQKBWorkID)10704991 035 $a(PQKB)10177698 035 $a(UkCbUP)CR9781139028158 035 $a(UK-CbPIL)2069268 035 $a(PPN)243280424 035 $a(EXLCZ)992670000000147294 100 $a20110221d2011|||| uy| 0 101 0 $aeng 135 $aur||||||||||| 181 $ctxt$2rdacontent 182 $cc$2rdamedia 183 $acr$2rdacarrier 200 04$aThe Cambridge companion to nineteenth-century American poetry /$fedited by Kerry Larson$b[electronic resource] 210 1$aCambridge :$cCambridge University Press,$d2011. 215 $a1 online resource (xix, 286 pages) $cdigital, PDF file(s) 225 1 $aCambridge companions to literature 300 $aTitle from publisher's bibliographic system (viewed on 09 Nov 2015). 311 $a0-521-14580-5 311 $a0-521-76369-X 327 $aIntroduction / Kerry Larson -- Part I. Mandates, movements, and manifestos. 1. The reception of nineteenth-century American poetry / Mary Louise Kete -- 2. American Indian poetry in the nineteenth century / Robert Dale Parker -- 3. The poet as poetess / Virginia Jackson -- 4. Transcendental poetics / Stephen Cushman -- 5. Slavery and its metrics / Max Cavitch -- 6. Weathering the news in US Civil War poetry / Eliza Richards -- 7. The "twilight of the poets" in the era of American realism, 1875-1900 / Elizabeth Renker -- Part II. Individual authors. 8. Longfellow's ambivalence / Stephen Burt -- 9. Sarah Piatt's grammar of convention and the conditions of authorship / Jess Roberts -- 10. Poe and Southern poetry / John D. Kerkering -- 11. The color line : James Monroe Whitfield and Albery Allson Whitman / Ivy G. Wilson -- 12. Colonial violence and poetic transcendence in Whitman's "Song of myself" / Donald Pease -- 13. Emily Dickinson's "turban'd seas" / Cristanne Miller. 330 $aThis Companion is the first critical collection of its kind devoted solely to American poetry of the nineteenth century. It covers a wide variety of authors, many of whom are currently being rediscovered. A number of anthologies in the recent past have been devoted to the verse of groups such as Native Americans, African-Americans and women. This volume offers essays covering these groups as well as more familiar figures such as Dickinson, Whitman, Longfellow and Melville. The contents are divided between broad topics of concern such as the poetry of the Civil War or the development of the 'poetess' role and articles featuring specific authors such as Edgar Allan Poe or Sarah Piatt. In the past two decades a growing body of scholarship has been engaged in reconceptualizing and re-evaluating this largely neglected area of study in US literary history - this Companion reflects and advances this spirit of revisionism. 410 0$aCambridge companions to literature. 606 $aAmerican poetry$y19th century$xHistory and criticism 606 $aPoets, American 615 0$aAmerican poetry$xHistory and criticism. 615 0$aPoets, American. 676 $a811.309 702 $aLarson$b Kerry C. 801 0$bUkCbUP 801 1$bUkCbUP 906 $aBOOK 912 $a996210337503316 996 $aThe Cambridge companion to nineteenth-century American poetry$92493354 997 $aUNISA LEADER 05299nam 2200997 450 001 9910780539603321 005 20230912142407.0 010 $a1-4426-5548-8 010 $a0-8020-8534-2 010 $a1-282-02334-9 010 $a9786612023347 010 $a1-4426-7559-4 024 7 $a10.3138/9781442675599 035 $a(CKB)2430000000001103 035 $a(EBL)3254778 035 $a(OCoLC)923068650 035 $a(SSID)ssj0001514785 035 $a(PQKBManifestationID)12630822 035 $a(PQKBTitleCode)TC0001514785 035 $a(PQKBWorkID)11481442 035 $a(PQKB)10071774 035 $a(SSID)ssj0000298327 035 $a(PQKBManifestationID)11224214 035 $a(PQKBTitleCode)TC0000298327 035 $a(PQKBWorkID)10344034 035 $a(PQKB)11378599 035 $a(CaBNvSL)thg00600382 035 $a(DE-B1597)479186 035 $a(OCoLC)1004867596 035 $a(DE-B1597)9781442675599 035 $a(Au-PeEL)EBL4671577 035 $a(CaPaEBR)ebr11257282 035 $a(OCoLC)431552905 035 $a(MdBmJHUP)musev2_104828 035 $a(VaAlCD)20.500.12592/c33kr1 035 $a(schport)gibson_crkn/2009-12-01/6/418762 035 $a(MiAaPQ)EBC4671577 035 $a(MiAaPQ)EBC3254778 035 $a(EXLCZ)992430000000001103 100 $a20160922h20052005 uy 0 101 0 $aeng 135 $aur|n|---||||| 181 $ctxt 182 $cc 183 $acr 200 00$a'Hang onto these words' $eJohnny David's Delgamuukw evidence /$fedited by Antonia Mills 210 1$aToronto, [Ontario] ;$aBuffalo, [New York] ;$aLondon, [England] :$cUniversity of Toronto Press,$d2005. 210 4$dİ2005 215 $a1 online resource (503 p.) 225 0 $aHeritage 300 $aDescription based upon print version of record. 311 $a0-8020-0553-5 311 $a0-8020-3746-1 320 $aIncludes bibliographical references and index. 327 $a""Contents""; ""Foreword""; ""Foreword""; ""Foreword""; ""Acknowledgments""; ""Introduction""; ""The Commission Evidence of Witsuwita???en Chief Maxlaxlex""; ""VOLUME 1: Direct Examination of Johnny David""; ""VOLUME 2: Direct Examination of Johnny David""; ""VOLUME 3: Direct Examination of Johnny David""; ""VOLUME 4: Direct Examination of Johnny David""; ""VOLUME 5: Direct Examination of Johnny David""; ""VOLUME 6: Cross-Examination of Johnny David""; ""VOLUME 7: Cross-Examination of Johnny David""; ""VOLUME 8: Cross-Examination of Johnny David""; ""Redirect Examination of Johnny David"" 327 $a""Cross-Examination of Johnny David""""Notes""; ""Glossary""; ""A""; ""B""; ""C""; ""D""; ""G""; ""H""; ""I""; ""K""; ""L""; ""M""; ""N""; ""O""; ""P""; ""S""; ""T""; ""W""; ""X""; ""Y""; ""References""; ""Credits and Sources""; ""Index""; ""A""; ""B""; ""C""; ""D""; ""E""; ""F""; ""G""; ""H""; ""I""; ""J""; ""K""; ""L""; ""M""; ""N""; ""O""; ""P""; ""R""; ""S""; ""T""; ""U""; ""V""; ""W""; ""Y"" 330 8 $a"In the commission evidence, Daivd provides a rich description of the Witsuwit'en way of life as well as the injustices his people suffered at the hands of Indian agents and settlers. In providing access to Johnny David's eloquent testimony, this book offers unique insight into one of the most historically significant examples of Aboriginal peoples' ongoing struggle for self-determination."--Jacket. 330 8 $a"'Hang Onto These Words' presents the actual transcripts of the questions and answers between lawyers working on both sides and this knowledgeable and outspoken Native elder, who spoke in his own language and whose words were then translated by an interpreter into English. The evidence was given in a makeshift courtroom set up in David's own home. Anthropologist Antonia Mills was present during these proceedings, and, in this book, she introduces and contextualizes the evidence in the Delgamuukw case." 330 1 $a"In 1985 and 1986, ninety-year-old Witsuwit'en Chief Maxlaxlex - or Johnny David as he is better known - was the first Witsuwit'en to give commission evidence in the Delgamuukw land claims case, in which the Witsuwit'en and Gitxsan of Northern British Columbia were battling for title to their traditional territories." 517 3 $a'Hang on to these words' 517 3 $aJohnny David's Delgamuukw evidence 606 $aWet'suwet'en Indians$vClaims 606 $aWet'suwet'en Indians$xLand tenure 606 $aWet'suwet'en Indians$xLegal status, laws, etc 606 $aTrial transcripts$zBritish Columbia 607 $aBritish Columbia$2fast 608 $aRecueils de jurisprudence et d'opinions. 608 $aCourt decisions and opinions. 608 $aTrials, litigation, etc. 608 $aHistory. 608 $aClaims. 608 $aCourt decisions and opinions. 608 $aElectronic books. 615 0$aWet'suwet'en Indians 615 0$aWet'suwet'en Indians$xLand tenure. 615 0$aWet'suwet'en Indians$xLegal status, laws, etc. 615 0$aTrial transcripts 676 $a346.7110432089972 702 $aMills$b Antonia Curtze 801 0$bMiAaPQ 801 1$bMiAaPQ 801 2$bMiAaPQ 906 $aBOOK 912 $a9910780539603321 996 $aHang onto these words$93731060 997 $aUNINA